00977nam a2200217 i 450000100060000000300090000600500170001500700030003200800410003510000310007624502010010726000510030830000200035949000720037965000370045170000340048883000800052285200200060299900170062295201200063975978ES-MaACL20250809035350.0t|040928s1948 ag ||||1| spa d1 aGrispigni, Filippo.96009210aDerecho penal italiano / cFilippo Grispigni ; traducido de la 2ª edición original italiana y anotado con la legislación y doctrina de los países latinoamericanos, por Isidoro De Benedetti. aBuenos Aires : bDepalma, c1948 (fPatagonia) a1 v. ; c24 cm.1 aBiblioteca jurídica. Sección Derecho. Procedimiento Penal ; v6 7aDerecho penal-zItalia291553941 aDe Benedetti, Isidoro.9430370 aBiblioteca jurídica. Sección Derecho. Procedimiento Penal ; v69183513 aES-MaACLjP-935 c75978d75978 00104070aATENEOMbATENEOMcDEPO2d2008-01-17eSCl0oP-935p1079517r2023-02-23 00:00:00w2023-02-23yMONOGRAFIA